| 000 | 00391nam a2200169Ia 4500 | ||
|---|---|---|---|
| 001 | 2193 | ||
| 003 | IN-NITTTR | ||
| 005 | 20251114232926.0 | ||
| 008 | 251113s9999||||xx |||||||||||||| ||eng|| | ||
| 040 | _beng | ||
| 040 | _cIN-NITTTR | ||
| 041 | _aeng | ||
| 082 | _a621.38933 H P | ||
| 100 | _aHadden, H. Burrell | ||
| 245 | 0 |
_aPractical stereophony. / _cHadden, H. Burrell |
|
| 942 |
_2ddc _cBK |
||
| 999 |
_c3276 _d3276 |
||